000
00291nam a2200097Ia 4500
082
_a
821|MASH
245
0
_a
Journey with me
100
_a
Mashego, Goodenough. , 1973- Elim Hospital, Limpopo, South Africa, 2005
_9
53015
942
_c
BK
008
210817s9999 xx 000 0 und d
999
_c
168504
_d
168503